| 000 | 00570nam a2200193 i 4500 | ||
|---|---|---|---|
| 001 | 50980 | ||
| 003 | ES-MaACL | ||
| 005 | 20251015063058.0 | ||
| 007 | t| | ||
| 008 | 030807s1973 sp ||||1| spa d | ||
| 100 | 1 |
_aChandler, Raymond, _d1888-1959 _937954 |
|
| 245 | 1 | 3 |
_aEl largo adios / _cRaymond Chandler ; [traducción de José Antonio Lara]. |
| 250 | _a[1ª ed.]. | ||
| 260 |
_aBarcelona : _bBarral, _c1973. |
||
| 300 |
_a457 p. ; _c19 cm. |
||
| 700 | 1 |
_aLara, José Antonio. _970205 |
|
| 852 |
_aES-MaACL _jC-54403 _bR.87318 |
||
| 999 |
_c50980 _d50980 |
||